书目信息 |
| 题名: |
工程力学
|
|
| 作者: | 金蓉 主编 | |
| 分册: | ||
| 出版信息: | 大连 大连海事大学出版社 2004.03 |
|
| 页数: | 210页 | |
| 开本: | 26cm | |
| 丛书名: | ||
| 单 册: | ||
| 中图分类: | TB12 | |
| 科图分类: | ||
| 主题词: | 工程力学--gong cheng li xue--高等学校--教材 | |
| 电子资源: | ||
| ISBN: | 7-5632-1752-5 | |
| 000 | 00859nam0 2200253 450 | |
| 001 | 0151343797 | |
| 005 | 20060119095021.64 | |
| 010 | @a7-5632-1752-5@dCNY20.00 | |
| 100 | @a20060119d2004 km y0chiy0120 ea | |
| 101 | 0 | @achi |
| 102 | @aCN@b210000 | |
| 105 | @aa a 000yy | |
| 200 | 1 | @a工程力学@Agong cheng li xue@f金蓉主编@Fjin rong zhu bian |
| 210 | @a大连@c大连海事大学出版社@d2004.03 | |
| 215 | @a210页@c图@d26cm | |
| 312 | @a英文并列题名取自封面。 | |
| 320 | @a有书目(第210页)。 | |
| 330 | @a本书讲述了静力学、运动学和动力学这些理论力学知识及基本变形的强度与刚度问题、压杆稳定、强度理论和组合变形的强度问题这些材料力学内容。 | |
| 510 | 1 | @aEngineering mechanics@zeng |
| 606 | 0 | @a工程力学@Agong cheng li xue@x高等学校@x教材 |
| 690 | @aTB12@v4 | |
| 701 | 0 | @a金蓉@Ajin rong@4主编 |
| 801 | 0 | @aCN@bQSSK@c20060119 |
| 905 | @a10447@dTB12@eJ792 | |
| 工程力学/金蓉主编.-大连:大连海事大学出版社,2004.03 |
| 210页:图;26cm |
| ISBN 7-5632-1752-5:CNY20.00 |
| 本书讲述了静力学、运动学和动力学这些理论力学知识及基本变形的强度与刚度问题、压杆稳定、强度理论和组合变形的强度问题这些材料力学内容。 |
| ● |
| 相关链接 |
|
|
|
正题名:工程力学
索取号:TB12/J792
 
预约/预借
| 序号 | 登录号 | 条形码 | 馆藏地/架位号 | 状态 | 备注 |
| 1 | 579556 | 205795567 | 自科库501/501自科库 2排3列5层/ [索取号:TB12/J792] | 在馆 | |
| 2 | 579557 | 205795576 | 自科库501/501自科库 2排3列5层/ [索取号:TB12/J792] | 在馆 | |
| 3 | 579558 | 205795585 | 自科库501/501自科库 2排3列5层/ [索取号:TB12/J792] | 在馆 |